[Event "Druzynowe Mistrzostwa Polski II Liga"]
[Site "Szklarska Poreba"]
[Date "1899-12-30"]
[Round "2.53"]
[White "Swiatnicki, Andrzej"]
[Black "Kowalec, Maciej"]
[Result "1/2-1/2"]
[WhiteTitle "k"]
[BlackTitle "k"]
[WhiteElo "2028"]
[BlackElo "2083"]

1. e4 d5 2. exd5 Qxd5 3. d4 Nf6 4. Nf3 Bg4 5. Be2 c6 6. O-O e6 7. c4 Qd8 8. Qb3
Qb6 9. Qxb6 axb6 10. Nc3 Bb4 11. Bd2 O-O 12. a3 Bxc3 13. Bxc3 Ne4 14. Rac1 Nd7
15. Rfd1 Ndf6 16. h3 Bxf3 17. Bxf3 Rfd8 18. g4 Rd7 19. h4 Rad8 20. g5 Nxc3 21.
Rxc3 Ne8 22. Rcd3 Nd6 23. c5 Nc4 24. Rc1 Ne5 25. Re3 Nxf3+ 26. Rxf3 Rxd4 27. cxb6
Rxh4 28. Rc5 Kf8 29. Ra5 Rg4+ 30. Kh2 Rd5 31. Ra7 Rd7 32. Rb3 c5 33. a4 Ke7 34.
a5 Kd6 35. Ra8 Rb4 36. Rd3+ Ke7 37. Rxd7+ Kxd7 38. Rf8 Rxb2 39. Rxf7+ Kc6 40.
Rxg7 Rxf2+ 41. Kg3 Rf5 42. Kg4 c4 43. Rxh7 Rxa5 44. Rc7+ Kxb6 45. Rxc4 Ra8 46.
g6 Ka5 47. Kg5 b5 48. Re4 b4 49. Rxe6 b3 50. Re1 1/2-1/2

[Event "Druzynowe Mistrzostwa Polski II Liga"]
[Site "Szklarska Poreba"]
[Date "1899-12-30"]
[Round "2.54"]
[White "Andrejczuk, Beata"]
[Black "Bukowska, Katarzyna"]
[Result "1/2-1/2"]
[WhiteTitle "WFM"]
[BlackTitle "k++"]
[WhiteElo "2088"]
[BlackElo "1912"]

1. e4 e5 2. Nf3 Nc6 3. Bc4 Bc5 4. d3 Nf6 5. Bg5 d6 6. Nc3 Na5 7. Bb3 Nxb3 8. axb3
a6 9. Nd5 Be6 10. Bxf6 gxf6 11. Qd2 Bxd5 12. exd5 Qd7 13. h3 O-O-O 14. b4 Bb6
15. c4 c6 16. dxc6 Qxc6 17. Qh6 d5 18. cxd5 Qxd5 19. O-O Rhg8 20. Qxf6 Bd4 21.
b5 Qxb5 22. Nxd4 Rxd4 23. Qf5+ Kb8 24. Qxh7 Rgd8 25. Qxf7 Rxd3 26. b4 Qd5 27.
Qxd5 R8xd5 28. Rac1 e4 29. Rfe1 R5d4 30. Rc5 Rxb4 31. Re5 Rdd4 32. g4 Kc7 33.
Kg2 Kd6 34. Re8 a5 35. g5 Rd5 36. Rd8+ Ke5 37. f4+ Ke6 38. Rf8 Rd3 39. Re2 Kd5
40. g6 Rbb3 41. Rf5+ Ke6 42. Rg5 Rd8 43. h4 a4 44. g7 Kf7 45. Rc2 Kg8 46. h5 a3
47. h6 Rb2 48. Rxb2 axb2 49. Rb5 Rd6 50. Rxb2 b6 51. Kf2 1/2-1/2

[Event "Druzynowe Mistrzostwa Polski II Liga"]
[Site "Szklarska Poreba"]
[Date "1899-12-30"]
[Round "2.55"]
[White "Krzywda, Andrzej"]
[Black "Barglowski, Filip"]
[Result "0-1"]
[WhiteTitle "k"]
[BlackTitle "FM"]
[WhiteElo "2186"]
[BlackElo "2310"]

1. e4 c5 2. Nf3 e6 3. d4 cxd4 4. Nxd4 Nf6 5. Nc3 Nc6 6. g3 Bb4 7. Bg2 d5 8. exd5
Nxd5 9. Nxc6 bxc6 10. Bd2 Ba6 11. Ne4 O-O 12. Bxb4 Nxb4 13. a3 Nd5 14. Qd2 Qb6
15. b4 Rfd8 16. Nc5 Bc4 17. Rb1 e5 18. Be4 Nf6 19. Bd3 e4 20. Qc3 Ba2 21. Ra1
exd3 22. Rxa2 d2+ 23. Kd1 a5 24. Rb2 axb4 25. Qxb4 Qxb4 26. Rxb4 Rxa3 27. Nb3
Ra7 28. c3 c5 29. Rc4 Ra2 30. Rxc5 Ne4 0-1

[Event "Druzynowe Mistrzostwa Polski II Liga"]
[Site "Szklarska Poreba"]
[Date "1899-12-30"]
[Round "2.56"]
[White "Chylewski, Patryk"]
[Black "Zgadzaj, Rafal"]
[Result "0-1"]
[WhiteTitle "k++"]
[BlackTitle "k"]
[WhiteElo "2255"]
[BlackElo "2099"]

1. e4 d6 2. d4 Nf6 3. Nc3 g6 4. h3 a6 5. a4 Bg7 6. Be3 O-O 7. g4 e5 8. Bg2 Nc6
9. Nge2 exd4 10. Nxd4 Nxd4 11. Bxd4 c5 12. Be3 Qb6 13. Qd2 Be6 14. O-O Nd7 15.
Rab1 Ne5 16. Bh6 Rae8 17. Bxg7 Kxg7 18. b3 f5 19. f4 Nc6 20. exf5 gxf5 21. Qxd6
c4+ 22. Kh2 cxb3 23. cxb3 fxg4 24. hxg4 Bxg4 25. Ne4 Rf5 26. Ng5 Rf6 27. Qd5 Re3
28. Nf3 Rh6+ 29. Kg3 Be6 30. Qd2 Nd4 31. a5 Qd8 32. Kf2 Re2+ 33. Qxe2 Nxe2 34.
Kxe2 Bg4 35. Rbd1 Qe7+ 36. Kf2 Qc5+ 37. Kg3 Bxf3 38. Kxf3 Qc3+ 39. Kf2 Qc2+ 40.
Kg1 Rg6 41. Rd7+ Kh6 42. Rf2 Qc6 43. Rd3 Qc1+ 44. Kh2 Qe1 45. Rfd2 Qe7 46. b4
Rf6 47. Rh3+ Kg7 48. Rg3+ Rg6 49. Rxg6+ hxg6 50. Rd4 g5 51. Re4 Qd6 52. Kg3 Kf6
53. Kg4 Qd1+ 54. Kg3 g4 55. Re5 Qg1 56. Re4 Qd1 57. Re5 Qb3+ 58. Kxg4 Qxb4 59.
Rf5+ Ke6 60. Re5+ Kd6 61. Kf5 Kd7 62. Bd5 b6 63. axb6 Qxb6 64. Be6+ Ke7 65. Bd5+
Kf8 66. Re6 Qd4 67. Re5 a5 68. Be6 Kg7 69. Kg5 Qg1+ 70. Kh4 Kf6 71. Bh3 a4 72.
Rf5+ Ke7 73. Re5+ Kd6 74. Be6 a3 75. Kh5 Qg3 76. Bg4 Qxf4 77. Ra5 Qe5+ 0-1

[Event "Druzynowe Mistrzostwa Polski II Liga"]
[Site "Szklarska Poreba"]
[Date "1899-12-30"]
[Round "2.57"]
[White "Sztwiertnia, Jan Krzysztof"]
[Black "Rozycki, Bartlomiej"]
[Result "1/2-1/2"]
[WhiteTitle "k"]
[BlackTitle "k++"]
[WhiteElo "2105"]
[BlackElo "2157"]

1. e4 e6 2. d4 d5 3. exd5 exd5 4. Nf3 Bd6 5. Bd3 Nc6 6. c3 Nge7 7. O-O Bg4 8. h3
Bh5 9. Nbd2 Qd7 10. Re1 O-O 11. Ne5 Bxd1 12. Nxd7 Rfd8 13. Nf6+ gxf6 14. Rxd1
Ng6 15. Nf3 Kg7 16. g3 Nce7 17. Re1 Re8 18. Kg2 Rad8 19. a4 a5 20. Bd2 c6 21.
h4 Nf8 22. Re2 Nc8 23. Rae1 Rxe2 24. Rxe2 Ne7 25. h5 h6 26. Nh4 Ne6 27. Nf5+ Nxf5
28. Bxf5 Re8 29. Re1 Re7 30. b3 b6 31. Bc2 Rc7 1/2-1/2

[Event "Druzynowe Mistrzostwa Polski II Liga"]
[Site "Szklarska Poreba"]
[Date "1899-12-30"]
[Round "2.58"]
[White "Kokoszczynski, Jan"]
[Black "Malecki, Rafal"]
[Result "1/2-1/2"]
[WhiteTitle "k"]
[BlackTitle "k+"]
[WhiteElo "2103"]
[BlackElo "2006"]

1. e4 d6 2. d4 g6 3. Bc4 Bg7 4. Nf3 Nf6 5. Qe2 c6 6. Bb3 e5 7. dxe5 dxe5 8. O-O
Qe7 9. h3 O-O 10. c3 Nbd7 11. Nbd2 Nc5 12. Bc2 Nh5 13. Nc4 b5 14. Na5 Qc7 15.
b4 Ne6 16. Re1 Bd7 17. Nb3 Nhf4 18. Qf1 h6 19. Be3 Rfe8 20. Red1 g5 21. g3 Ng6
22. a3 Bf8 23. c4 bxc4 24. Qxc4 Nd8 25. Kh2 Be6 26. Qc3 Nb7 27. Nc5 Nxc5 28. Bxc5
a5 29. Bxf8 Rxf8 30. Qc5 Qa7 31. Bd3 axb4 32. axb4 Qxc5 33. bxc5 Rfd8 34. Be2
Kf8 35. Rxd8+ Rxd8 36. Ra6 Rc8 37. Nd2 Rc7 38. Bc4 Ke7 39. Kg2 1/2-1/2

[Event "Druzynowe Mistrzostwa Polski II Liga"]
[Site "Szklarska Poreba"]
[Date "1899-12-30"]
[Round "2.59"]
[White "Szajda, Marcin"]
[Black "Wojtaszewski, Piotr"]
[Result "1/2-1/2"]
[WhiteTitle "I++"]
[BlackTitle "I++"]
[WhiteElo "2016"]
[BlackElo "2027"]

1. e4 c5 2. Nf3 Nc6 3. d4 cxd4 4. Nxd4 e5 5. Nb5 d6 6. c4 a6 7. N5a3 Be7 8. Nc3
Be6 9. Nc2 Bg5 10. Be2 Bxc1 11. Rxc1 Qb6 12. b3 Rd8 13. O-O Nge7 14. Bg4 O-O 15.
Nd5 Nxd5 16. cxd5 Bxg4 17. Qxg4 Ne7 18. Ne3 Rc8 19. Qd7 Rxc1 20. Rxc1 Ng6 21.
Nf5 Qb4 22. Nxd6 Qd2 23. Rf1 Nf4 24. g3 Ne2+ 25. Kg2 Nc3 26. Qxb7 Qd3 27. Qb4
f5 28. Nxf5 Nxe4 29. Ne7+ Kf7 30. Re1 Nd2 31. Qg4 Qf3+ 32. Qxf3+ Nxf3 33. Kxf3
Kxe7+ 34. Ke3 Kd6 35. Rd1 Rb8 36. Rd2 a5 37. f4 exf4+ 38. Kxf4 Re8 39. h4 Re5
40. a3 Re1 41. Rd4 Re5 42. b4 axb4 43. axb4 Re1 44. h5 Re8 45. g4 Re1 46. Kg5
Re5+ 47. Kf4 Re1 48. Kf5 Re5+ 49. Kf4 Re1 50. Kg5 Re5+ 51. Kf4 Re1 52. Kf5 Re5+
53. Kf4 Re1 54. Kg5 Re5+ 55. Kf4 Re1 56. Kf5 Re5+ 57. Kf4 Re1 58. Kg5 Re5+ 59.
Kf4 Re1 60. Kf5 Re5+ 61. Kf4 Re1 1/2-1/2

[Event "Druzynowe Mistrzostwa Polski II Liga"]
[Site "Szklarska Poreba"]
[Date "1899-12-30"]
[Round "2.60"]
[White "Moscicka, Pola"]
[Black "Chmiel, Dominika"]
[Result "0-1"]
[WhiteTitle "k+"]
[BlackTitle "m"]
[WhiteElo "1894"]
[BlackElo "2123"]

1. e4 e5 2. Nf3 Nc6 3. Bb5 a6 4. Ba4 Nf6 5. d3 b5 6. Bb3 Bc5 7. c3 d6 8. O-O h6
9. h3 O-O 10. Re1 Bb6 11. Nbd2 Ne7 12. Nf1 Ng6 13. Ng3 Nf4 14. Bxf4 exf4 15. Ne2
Nh5 16. Qd2 Qf6 17. Bd5 Rb8 18. d4 g5 19. e5 Qg6 20. Nc1 Bf5 21. Qe2 Rfe8 22.
Be4 dxe5 23. Bxf5 Qxf5 24. Nxe5 Ng7 25. Qd2 Re6 26. Ncd3 Rbe8 27. a4 h5 28. axb5
axb5 29. Nb4 c5 30. dxc5 Bxc5 31. Ned3 Bb6 32. Rxe6 Rxe6 33. Re1 f3 34. Rxe6 Nxe6
35. Qd1 g4 36. hxg4 hxg4 37. Nc6 Qh5 38. Nce5 Bc7 39. Qe1 fxg2 40. Kxg2 f6 41.
Nd7 Qh3+ 42. Kg1 Bh2+ 43. Kh1 Bf4+ 44. Kg1 Qh2+ 45. Kf1 Qh1+ 46. Ke2 Qf3+ 0-1

[Event "Druzynowe Mistrzostwa Polski II Liga"]
[Site "Szklarska Poreba"]
[Date "1899-12-30"]
[Round "2.62"]
[White "Marszalek, Maciej"]
[Black "Kaminski, Piotr"]
[Result "1-0"]
[WhiteTitle "m"]
[BlackTitle "k"]
[WhiteElo "2299"]
[BlackElo "2129"]

1. c4 e5 2. Nc3 d6 3. g3 g6 4. Bg2 Bg7 5. e3 f5 6. Nge2 Nf6 7. Rb1 O-O 8. b4 c6
9. O-O Be6 10. d3 g5 11. f4 gxf4 12. exf4 Qe8 13. c5 dxc5 14. fxe5 Ng4 15. bxc5
Nxe5 16. Rxb7 Rf7 17. Rxf7 Nxf7 18. d4 a5 19. Qa4 Qc8 20. Be3 Qa6 21. Nf4 Bc4
22. Rb1 1-0

[Event "Druzynowe Mistrzostwa Polski II Liga"]
[Site "Szklarska Poreba"]
[Date "1899-12-30"]
[Round "2.63"]
[White "Szmyd, Arkadiusz"]
[Black "Weissbein, Thomas"]
[Result "0-1"]
[WhiteTitle "k"]
[BlackTitle "k+"]
[WhiteElo "2136"]
[BlackElo "2151"]

1. e4 c5 2. Nf3 g6 3. d4 cxd4 4. Nxd4 Bg7 5. c4 Nc6 6. Nc2 Nf6 7. Nc3 O-O 8. Be2
d6 9. O-O Be6 10. Bd2 Nd7 11. Kh1 f5 12. exf5 Bxf5 13. Ne3 Be6 14. Ned5 Bxd5 15.
cxd5 Nd4 16. Bg4 Ne5 17. Ne4 Nxg4 18. Qxg4 Qc8 19. Qh4 Qf5 20. Rae1 Qxd5 21. Nc3
Qc6 22. Qxe7 Rae8 23. Qh4 Nf5 24. Qb4 d5 25. Qb3 Kh8 26. Bg5 h6 27. Bc1 Rd8 28.
Rd1 d4 29. Ne2 g5 30. Rd3 Rfe8 31. Ng3 Nxg3+ 32. Rxg3 Qd5 33. Qd3 Qe4 34. Kg1
Qxd3 35. Rxd3 Re2 36. Rfd1 Rc8 37. R3d2 Rxc1 0-1

[Event "Druzynowe Mistrzostwa Polski II Liga"]
[Site "Szklarska Poreba"]
[Date "1899-12-30"]
[Round "2.64"]
[White "Popiol, Michal"]
[Black "Knopik, Krzysztof"]
[Result "0-1"]
[WhiteTitle "II+"]
[BlackTitle "k"]
[WhiteElo "2079"]
[BlackElo "2098"]

1. d4 Nf6 2. c4 c5 3. d5 d6 4. Nc3 g6 5. e4 Bg7 6. Be2 O-O 7. Nf3 a6 8. a4 e6 9.
O-O e5 10. a5 h6 11. Ne1 Ne8 12. Be3 f5 13. f3 f4 14. Bf2 g5 15. Nd3 h5 16. b4
cxb4 17. Na4 Nd7 18. Qb3 Rf7 19. Rfc1 Bf8 20. c5 Rg7 21. c6 Ndf6 22. Nb6 Rb8 23.
Nxb4 g4 24. Bh4 gxf3 25. Bxf3 Bg4 26. cxb7 Rbxb7 27. Rc8 Bxc8 28. Nc6 Qc7 29.
Kh1 Bg4 30. Rb1 Bxf3 31. gxf3 Rg6 32. Qd3 Nd7 33. Bd8 Nc5 34. Qf1 Qh7 35. Bh4
Rbg7 36. Bf2 Nxe4 0-1

[Event "Druzynowe Mistrzostwa Polski II Liga"]
[Site "Szklarska Poreba"]
[Date "1899-12-30"]
[Round "2.65"]
[White "Zawierucha, Aleksander"]
[Black "Olesiak, Marcin"]
[Result "1/2-1/2"]
[WhiteTitle "k"]
[BlackTitle "I+"]
[WhiteElo "1907"]
[BlackElo "2076"]

1. d4 d5 2. c4 c6 3. Nf3 Nf6 4. Nc3 dxc4 5. a4 Bf5 6. e3 e6 7. Bxc4 Bb4 8. O-O
O-O 9. h3 Nbd7 10. Nh4 Nb6 11. Nxf5 Nxc4 12. Qb3 Bxc3 13. Qxc3 exf5 14. Qxc4 Ne4
15. b3 Re8 16. Ra2 Qh4 17. Qb4 Qe7 18. Qxe7 Rxe7 19. Ba3 Rd7 20. f3 Nc3 21. Rd2
Re8 22. Kf2 f6 23. g4 Nd5 24. Re1 f4 25. e4 Ne3 26. d5 cxd5 27. exd5 Rc8 28. d6
Kf7 29. Rc1 Rxc1 30. Bxc1 Ke6 31. Rd4 Rxd6 32. Bxe3 fxe3+ 33. Kxe3 Rc6 34. Re4+
Kd6 35. Rd4+ Ke6 36. Ke4 1/2-1/2

[Event "Druzynowe Mistrzostwa Polski II Liga"]
[Site "Szklarska Poreba"]
[Date "1899-12-30"]
[Round "2.66"]
[White "Dziodzio, Angelika"]
[Black "Gonsior, Monika"]
[Result "1-0"]
[WhiteTitle "WFM"]
[BlackTitle "m"]
[WhiteElo "2108"]
[BlackElo "1974"]

1. c4 e6 2. Nf3 b6 3. Nc3 Bb7 4. e3 Nf6 5. b3 d5 6. Bb2 Nbd7 7. d4 Ne4 8. a3 a6
9. Bd3 Ndf6 10. O-O Bd6 11. Qe2 O-O 12. h3 Qe7 13. b4 dxc4 14. Bxc4 Nxc3 15. Bxc3
Ne4 16. Bb2 a5 17. b5 Rad8 18. Rfd1 Bd5 19. Bxd5 exd5 20. Ne5 Qh4 21. Rac1 Rfe8
22. Rc2 Re6 23. Qg4 Qh6 24. Qf4 Qxf4 25. exf4 g6 26. f3 Ng3 27. Kf2 Nh5 28. g3
Rde8 29. h4 h6 30. Bc1 Kg7 31. g4 Nf6 32. Rg1 Ng8 33. f5 R6e7 34. g5 hxg5 35.
Rxg5 Kf8 36. fxg6 f6 37. Rf5 Kg7 38. Nf7 Kxg6 39. Nxd6 cxd6 40. Rxd5 Rh7 41. h5+
Kf7 42. Rc7+ Re7 43. Rc6 Re6 44. Rxb6 Ne7 45. Rdxd6 Rxd6 46. Rxd6 Rxh5 47. b6
Rh2+ 48. Ke1 Rc2 49. Kd1 Rc8 50. d5 Rc5 51. Be3 Rb5 52. a4 Nf5 53. Rxf6+ Kxf6
54. axb5 1-0

[Event "Druzynowe Mistrzostwa Polski II Liga"]
[Site "Szklarska Poreba"]
[Date "1899-12-30"]
[Round "2.67"]
[White "Stachanczyk, Jacek"]
[Black "Nowicki, Bartosz"]
[Result "0-1"]
[WhiteTitle "IM"]
[BlackTitle "k++"]
[WhiteElo "2218"]
[BlackElo "2261"]

1. c4 c5 2. g3 Nc6 3. Bg2 g6 4. Nc3 Bg7 5. Nf3 Nh6 6. h4 Nf5 7. h5 Rb8 8. h6 Nxh6
9. d4 cxd4 10. Nxd4 Nf5 11. Nxf5 gxf5 12. Qd3 d6 13. Bh6 Ne5 14. Qc2 Bxh6 15.
Rxh6 Qa5 16. O-O-O Ng4 17. Rd5 Qa6 18. Nb5 Qxa2 19. Qc3 Qa1+ 20. Kd2 O-O 21. Rh1
Qa6 22. f3 Nf6 23. Rxd6 exd6 24. Qxf6 Qa5+ 25. Kc2 Qd8 26. Qh6 Re8 27. Nxd6 Rxe2+
28. Kb1 Be6 29. Qxh7+ Kf8 30. Rd1 Qf6 0-1

[Event "Druzynowe Mistrzostwa Polski II Liga"]
[Site "Szklarska Poreba"]
[Date "1899-12-30"]
[Round "2.68"]
[White "Suliborski, Jakub"]
[Black "Gumula, Daniel"]
[Result "0-1"]
[WhiteTitle "I++"]
[BlackTitle "FM"]
[WhiteElo "2090"]
[BlackElo "2260"]

1. e4 g6 2. d4 Bg7 3. Nc3 c6 4. Be3 d5 5. f3 dxe4 6. fxe4 Nf6 7. Be2 O-O 8. Qd2
e5 9. dxe5 Ng4 10. Qxd8 Rxd8 11. Bxg4 Bxg4 12. h3 Be6 13. Nf3 Nd7 14. Bf4 b5 15.
Kf2 b4 16. Ne2 c5 17. b3 a5 18. Rad1 c4 19. Ned4 Nc5 20. Ke3 a4 21. Nc6 Rxd1 22.
Rxd1 cxb3 23. cxb3 axb3 24. axb3 Bxb3 25. Rc1 Bf8 26. Nd2 Ra3 27. Nb1 Ra1 28.
Nxb4 Ra4 29. Nd3 Rxe4+ 30. Kf3 Nxd3 31. Kxe4 Nxc1 32. Bxc1 Bc2+ 0-1

[Event "Druzynowe Mistrzostwa Polski II Liga"]
[Site "Szklarska Poreba"]
[Date "1899-12-30"]
[Round "2.69"]
[White "Kolosowski, Pawel"]
[Black "Jozwik, Jacek"]
[Result "1-0"]
[WhiteTitle "m"]
[BlackTitle "I"]
[WhiteElo "2224"]
[BlackElo "1945"]

1. e4 c5 2. Nc3 g6 3. g3 Bg7 4. Bg2 Nc6 5. d3 d6 6. Be3 Nf6 7. h3 O-O 8. Qd2 Nd4
9. Nd1 e5 10. c3 Nc6 11. Ne2 b6 12. d4 Ba6 13. d5 Ne7 14. g4 Ne8 15. Ng3 f5 16.
gxf5 gxf5 17. exf5 Nxf5 18. Nxf5 Rxf5 19. Be4 Rf7 20. Bg5 Bf6 21. h4 Rg7 22. Bh6
Rg4 23. Qc2 Qe7 24. Ne3 Rxh4 25. Rg1+ Kh8 26. Nf5 Rxe4+ 27. Qxe4 Qf7 28. O-O-O
Bc8 29. Be3 Qh5 30. Nh6 Bg7 31. Rh1 Qg6 32. Qxg6 hxg6 33. Rdg1 Kh7 34. Rg5 Bf6
35. Ng4+ Kg7 36. Nxf6 Kxf6 37. Rh7 Ng7 38. Rg1 Bf5 39. Bg5+ Kf7 40. Bh6 Rg8 41.
Kd2 b5 42. c4 bxc4 43. Rg3 a6 44. Ra3 Bc8 45. Kc3 Kf6 46. Bxg7+ Rxg7 47. Rh8 Bb7
48. Kxc4 e4 49. Re8 Re7 50. Rxe7 Kxe7 51. Re3 Kf6 52. Rxe4 Bc8 53. Kc3 Bf5 54.
Re3 Bd7 55. b4 cxb4+ 56. Kxb4 Kf5 57. Ka5 Bb5 58. Re6 Bc4 59. a4 Bxd5 60. Rxd6
Bc4 61. Rxa6 g5 62. Ra8 g4 63. Kb6 Ke4 64. Rc8 Be2 65. Rc3 Kd4 66. Re3 1-0

[Event "Druzynowe Mistrzostwa Polski II Liga"]
[Site "Szklarska Poreba"]
[Date "1899-12-30"]
[Round "2.70"]
[White "Major, Boguslaw"]
[Black "Garbowski, Jakub"]
[Result "0-1"]
[WhiteTitle "I"]
[BlackTitle "k"]
[WhiteElo "1708"]
[BlackElo "2156"]

1. Nf3 d5 2. g3 Nf6 3. Bg2 g6 4. O-O Bg7 5. d3 O-O 6. Nbd2 c5 7. Re1 Nc6 8. e4
e5 9. exd5 Nxd5 10. Nc4 Re8 11. Bg5 f6 12. Bd2 Be6 13. h4 Qd7 14. Ne3 Rad8 15.
Nh2 Nde7 16. b3 f5 17. Bc3 Nd5 18. Nxd5 Bxd5 19. Bxd5+ Qxd5 20. Qf3 e4 21. dxe4
fxe4 22. Qe3 Nd4 23. Rad1 Qh5 24. Kg2 Nxc2 25. Qc1 Nxe1+ 26. Rxe1 Bd4 27. Bd2
Qd5 28. Be3 h5 29. g4 Rf8 30. gxh5 Qxh5 31. Qc4+ Kh7 32. Qe6 Qd5 33. Qg4 Qf5 34.
Qg5 Bxe3 35. Qxe3 Rd3 36. Qxe4 Qxf2+ 37. Kh1 Rh3 38. Qxb7+ Rf7 0-1

[Event "Druzynowe Mistrzostwa Polski II Liga"]
[Site "Szklarska Poreba"]
[Date "1899-12-30"]
[Round "2.71"]
[White "Siedlinski, Piotr"]
[Black "Zychowicz, Marcin"]
[Result "1/2-1/2"]
[WhiteTitle "k"]
[BlackTitle "II+"]
[WhiteElo "2132"]
[BlackElo "1857"]

1. e4 c5 2. Nf3 d6 3. Bb5+ Nc6 4. O-O e5 5. c3 Bd7 6. d4 exd4 7. cxd4 Be7 8. Nc3
a6 9. Bxc6 Bxc6 10. Re1 cxd4 11. Nxd4 Nf6 12. Nf5 O-O 13. Nd5 Bxd5 14. exd5 Re8
15. Qf3 Bf8 16. Bd2 Rxe1+ 17. Rxe1 Nd7 18. Bc3 Ne5 19. Qg3 Qf6 20. Ne3 Qh6 21.
f4 Nd7 22. Qf3 Re8 23. Re2 Qg6 24. f5 Qg5 25. g3 Qe7 26. Kf1 Qe4 27. Qxe4 Rxe4
28. Nc2 Rxe2 29. Kxe2 g6 30. Ne3 b5 31. Kd3 Bg7 32. Bd4 Ne5+ 33. Bxe5 Bxe5 34.
b3 h5 35. Ke4 Kg7 36. fxg6 fxg6 37. a4 Kf6 38. Nc2 Kg5 39. Nb4 bxa4 40. bxa4 a5
41. Nc6 Bc3 42. Ne7 Bb4 43. Kf3 Bc3 44. Nc8 Bb4 45. Ne7 Be1 46. h3 Kf6 47. Nc6
Kg5 48. Nd4 Kf6 49. Nc2 Bc3 50. Ke4 Be5 51. Kf3 Bc3 52. Ke4 Be5 1/2-1/2

[Event "Druzynowe Mistrzostwa Polski II Liga"]
[Site "Szklarska Poreba"]
[Date "1899-12-30"]
[Round "2.72"]
[White "Rykala, Monika"]
[Black "Pluta, Natalia"]
[Result "1/2-1/2"]
[WhiteTitle "I++"]
[BlackTitle "I++"]
[WhiteElo "1863"]
[BlackElo "1814"]

1. d4 d5 2. e3 Nf6 3. Bd3 e6 4. Nf3 Bd6 5. b3 Nbd7 6. Bb2 O-O 7. Nbd2 c5 8. Ne5
cxd4 9. exd4 Ne8 10. O-O f5 11. Qe2 Nef6 12. c4 Ne4 13. Rad1 Qa5 14. Bb1 Ndf6
15. Nxe4 Nxe4 16. f3 Nf6 17. c5 Bxe5 18. Qxe5 Bd7 19. Rfe1 Rac8 20. Re2 b6 21.
cxb6 axb6 22. Rde1 Qb4 23. Bc1 h6 24. Bd2 Qa3 25. Qg3 Kh7 26. Qh4 Ng8 27. Qg3
Qe7 28. Bf4 Qf7 29. Re5 Ne7 30. R5e2 Nc6 31. Be5 Nxe5 32. Rxe5 Qf6 33. Qf4 Rc3
34. R5e3 g5 35. Qe5 Qxe5 36. Rxe5 Kg7 37. Kf2 Kf6 38. Ke2 b5 39. Kd2 b4 40. R5e3
Rfc8 41. Rxc3 Rxc3 42. Bc2 Rc7 43. Bd3 Ra7 44. Bb1 Rc7 45. Bd3 Ra7 46. Bb1 Ke5
1/2-1/2

[Event "Druzynowe Mistrzostwa Polski II Liga"]
[Site "Szklarska Poreba"]
[Date "1899-12-30"]
[Round "2.73"]
[White "Maciejewski, Waldemar"]
[Black "Piotrowski, Przemyslaw"]
[Result "0-1"]
[WhiteTitle "k"]
[BlackTitle "k+"]
[WhiteElo "2107"]
[BlackElo "2324"]

1. c4 Nf6 2. Nc3 d5 3. cxd5 Nxd5 4. g3 e5 5. Bg2 Nb6 6. Nf3 Nc6 7. O-O Be6 8. d3
Be7 9. Be3 O-O 10. d4 exd4 11. Nxd4 Nxd4 12. Bxd4 c5 13. Be3 Nc4 14. Bc1 Rb8 15.
Qc2 Qa5 16. Nd5 Bxd5 17. Bxd5 Nd6 18. Rd1 Rbd8 19. Bf4 Qb6 20. a4 a5 21. Rd2 Ne8
22. Rad1 Nc7 23. Bxc7 Qxc7 24. Qc4 Bf6 25. e4 Rd7 26. Rc2 Rc8 27. Rdc1 Bd4 28.
Rd1 b6 29. Kg2 Kh8 30. Rd3 Re7 31. Rf3 f6 32. Rb3 Rb8 33. Qd3 Qd6 34. Qf3 Re5
35. Rd3 Rf8 36. Qf4 f5 37. Rf3 Rf6 38. Qh4 h6 39. Re2 Qe7 40. Ba8 Qe8 41. g4 Qxa8
42. gxf5 Rfxf5 43. Rg3 Rg5 44. f3 Qe8 45. b3 Qg6 46. Qf4 Re8 47. Qd2 Rxg3+ 48.
hxg3 h5 49. Re1 h4 50. g4 Qf6 51. Rh1 g5 52. f4 Rxe4 53. fxg5 Rxg4+ 54. Kh2 Be5+
0-1

[Event "Druzynowe Mistrzostwa Polski II Liga"]
[Site "Szklarska Poreba"]
[Date "1899-12-30"]
[Round "2.74"]
[White "Chojnacki, Slawomir"]
[Black "Koszkul, Wojciech"]
[Result "1-0"]
[WhiteTitle "k"]
[BlackTitle "I++"]
[WhiteElo "2260"]
[BlackElo "2058"]

1. d4 Nf6 2. Nf3 d5 3. c3 c5 4. dxc5 Nc6 5. b4 e5 6. b5 Na5 7. Nxe5 Be6 8. Ba3
Nc4 9. Nxc4 dxc4 10. Qa4 Ne4 11. e3 Qf6 12. Qc2 Qe5 13. Be2 Bxc5 14. Bxc5 Nxc5
15. O-O O-O 16. Nd2 Nd7 17. a4 Rac8 18. Nf3 Qf6 19. Nd4 Nc5 20. Bf3 Rfd8 21. Rab1
Bd5 22. e4 Be6 23. Rfe1 Nb3 24. e5 Qe7 25. Rbd1 Nc5 26. Be4 Nxe4 27. Rxe4 Bd5
28. Re3 Qg5 29. g3 Qh5 30. f4 Rc7 31. Qe2 Qh6 32. Rf1 Qb6 33. Qg4 Be6 34. f5 Bc8
35. Qg5 Rd5 36. f6 g6 37. Qh6 1-0

[Event "Druzynowe Mistrzostwa Polski II Liga"]
[Site "Szklarska Poreba"]
[Date "1899-12-30"]
[Round "2.75"]
[White "Kmiecik, Wojciech"]
[Black "Fiedorek, Michal"]
[Result "1-0"]
[WhiteTitle "I+"]
[BlackTitle "I"]
[WhiteElo "1984"]
[BlackElo "2001"]

1. d4 Nf6 2. Nf3 g6 3. c4 Bg7 4. Nc3 d6 5. e4 O-O 6. Be2 Nbd7 7. O-O e5 8. d5 Nc5
9. Qc2 a5 10. b3 Nh5 11. Re1 Nf4 12. Bf1 f5 13. Nd2 Nh5 14. Ba3 b6 15. b4 axb4
16. Bxb4 Nf6 17. f3 fxe4 18. Ncxe4 Nfxe4 19. Nxe4 Nxe4 20. fxe4 Qh4 21. a4 Bg4
22. g3 Qh5 23. Bg2 Bh6 24. a5 Rf7 25. a6 Ra7 26. Qa4 Bd7 27. Qb3 Rf8 28. Ra2 Rfa8
29. Rea1 g5 30. Bd2 Qe8 31. h4 Qg6 32. Qe3 Bc8 33. hxg5 Bf8 34. Qe2 Be7 35. Qe3
Rxa6 36. Rxa6 Rxa6 37. Rxa6 Bxa6 38. Bh3 Bxc4 39. Bf5 Qg7 40. Qf3 b5 41. Qh5 Bd3
42. g4 Bc4 43. g6 hxg6 44. Bxg6 Bh4 45. Bf5 Qf6 46. Qh7+ Kf8 47. Bh6+ Ke8 48.
Qd7# 1-0

[Event "Druzynowe Mistrzostwa Polski II Liga"]
[Site "Szklarska Poreba"]
[Date "1899-12-30"]
[Round "2.76"]
[White "Maciol, Ryszard"]
[Black "Sandor, Aleksandra"]
[Result "1-0"]
[WhiteTitle "k"]
[BlackTitle "I++"]
[WhiteElo "2134"]
[BlackElo "1905"]

1. d4 Nf6 2. Nf3 d5 3. Bf4 Bf5 4. c4 c6 5. Qb3 Qc8 6. e3 e6 7. h3 Nbd7 8. Be2 Be7
9. O-O O-O 10. Nbd2 h6 11. Rac1 Bd8 12. Ne5 Bc7 13. Nxd7 Nxd7 14. cxd5 Bxf4 15.
dxc6 bxc6 16. exf4 Qc7 17. Qf3 Qa5 18. Nc4 Qd5 19. b3 Be4 20. Qg3 Nf6 21. Rfd1
Rac8 22. f3 Nh5 23. Qh4 Bg6 24. Ne5 Qd6 25. Rc5 Nf6 26. Qf2 Nd5 27. g3 Rfd8 28.
Nxg6 fxg6 29. Bd3 Nb4 30. Rc4 Nxd3 31. Rxd3 Qd5 32. Rdc3 Rd6 33. Qc2 Rcd8 34.
Rd3 Qf5 35. h4 Qh3 36. Qg2 Qf5 37. Qe2 Qh3 38. Qf2 Qf5 39. Rdc3 Qd5 40. Re3 Qf5
41. Re4 Qb5 42. Qe3 Kf7 43. Kf2 Qb6 44. g4 R8d7 45. Kg3 Qd8 46. Qc3 Qc7 47. Re5
Qb6 48. Rec5 Qd8 49. Rxc6 Rxc6 50. Rxc6 Rxd4 51. Rc8 Qf6 52. Qc7+ Qe7 53. Qb8
Rd7 54. Rh8 g5 55. Qg8+ Kg6 56. h5+ Kf6 57. Rxh6+ 1-0

[Event "Druzynowe Mistrzostwa Polski II Liga"]
[Site "Szklarska Poreba"]
[Date "1899-12-30"]
[Round "2.77"]
[White "Guziewicz, Wojciech"]
[Black "Czyz, Artur"]
[Result "0-1"]
[WhiteTitle "I"]
[BlackTitle "k"]
[WhiteElo "1836"]
[BlackElo "1907"]

1. e4 d6 2. Bc4 Nf6 3. d3 Nbd7 4. a3 g6 5. Nc3 Bg7 6. Nge2 O-O 7. O-O c6 8. Ng3
e5 9. Ba2 b5 10. h3 a6 11. Nce2 Bb7 12. f4 Qc7 13. f5 d5 14. Bg5 dxe4 15. Nxe4
Nxe4 16. dxe4 c5 17. fxg6 hxg6 18. Be7 Bxe4 19. Bxf8 Rxf8 20. Nc3 Bb7 21. Bd5
Nb6 22. Be4 Nc4 23. Qc1 f5 24. Bxb7 Qxb7 25. b3 Nb6 26. Qd2 e4 27. Rad1 Bd4+ 28.
Kh1 e3 29. Qe1 Bxc3 30. Qxe3 Bd4 31. Qe6+ Kg7 32. Rf3 Nd5 33. c3 Nc7 34. Qd6 Bf6
35. Qxc5 Ne6 36. Qe3 Ng5 37. Rf2 Ne4 38. Rf4 Bg5 39. Rf2 Bf6 0-1

[Event "Druzynowe Mistrzostwa Polski II Liga"]
[Site "Szklarska Poreba"]
[Date "1899-12-30"]
[Round "2.78"]
[White "Ryng, Malgorzata"]
[Black "Kmiecik, Emilia"]
[Result "1-0"]
[WhiteTitle "m"]
[BlackTitle "I+"]
[WhiteElo "2045"]
[BlackElo "1786"]

1. e4 c5 2. Nf3 a6 3. c4 Nc6 4. d4 cxd4 5. Nxd4 Qb6 6. Nb3 Nf6 7. Nc3 e6 8. Be3
Qc7 9. Bd3 Bb4 10. f4 d6 11. O-O b6 12. Rc1 Bb7 13. Qe2 O-O 14. Nd5 exd5 15. cxd5
Bc5 16. dxc6 Bxc6 17. Bd4 Qb7 18. Nxc5 bxc5 19. Bxf6 gxf6 20. e5 fxe5 21. Bxh7+
Kxh7 22. Qh5+ Kg7 23. Qg5+ Kh7 24. Rc3 Bxg2 25. Rg3 Rg8 26. Qh5# 1-0